Culture Générale - Série 957 - Statistiques

Statistiques générales
  • Ce quiz a été pris 95 fois
  • Le résultat moyen est 3 sur 10
Statistiques - réponses
Question Réponse % Correct
Quel mot d'origine arabe signifie se dépêcher, se hâter, faire vite. On dit faire ... fissa
67%
Jeu de société d'origine chinoise qui se joue à quatre joueurs, avec des pièces appelées tuiles mahjong
45%
Dans quel pays africain se trouve la vlle de Gao ? Mali
43%
Dans quel département français est située la ville de Gien ? Loiret
38%
Dans quel département français est située la ville d'Ugine ? Savoie
33%
Dans le sud de la France, par quel nom signifiant "amusant" appelle-t-on un gamin ? drôle
32%
Dans quel pays africain se trouvent les villes d'Ife, Oyo et Ede ? Nigeria
24%
Qu'est-ce qu'un eustache ? couteau
21%
Femme fatale, dont le pouvoir de séduction est la cause de la perte de ceux qu'elle séduit, vamp
14%
Dans quel département français est située la ville d'Avon ? Seine et Marne
10%
Aucun quiz correspondant
Distribution des résultats
% des personnes avec chaque résultat
Percentile par nombre de réponses
Votre historique - résultats
Vous n’avez pas pris ce quiz